10 Floridians / (Record no. 15116)

000 -LEADER
fixed length control field 00595cam a22002054a 4500
020 ## - INTERNATIONAL STANDARD BOOK NUMBER
ISBN 0974615005
040 ## - CATALOGING SOURCE
Transcribing agency DLC
082 ## - DEWEY DECIMAL CLASSIFICATION NUMBER
Classification number 338 MIA 2003 A073 Or.
245 00 - TITLE STATEMENT
Title 10 Floridians /
246 3# - VARYING FORM OF TITLE
Title proper/short title Ten Floridians
260 ## - PUBLICATION, DISTRIBUTION, ETC. (IMPRINT)
Place of publication Miami, Fla. :
Name of publisher Miami Art Central,
Year of publication c2003.
300 ## - PHYSICAL DESCRIPTION
Number of Pages 135 p. :
Other physical details ill. (some col.) ;
Dimensions 28 cm.
500 ## - GENERAL NOTE
General note Catalog accompanying an exhibition held at Miami Art Central, Dec. 2, 2003-Mar. 28, 2004.
650 #0 - SUBJECT ADDED ENTRY--TOPICAL TERM
Topical Term Art, Modern
650 #0 - SUBJECT ADDED ENTRY--TOPICAL TERM
Topical Term Art
700 1# - ADDED ENTRY--PERSONAL NAME
Personal name González, Manuel E.
700 1# - ADDED ENTRY--PERSONAL NAME
Personal name Bonnet, Frédéric.
710 2# - ADDED ENTRY--CORPORATE NAME
Corporate name or jurisdiction name as entry element Miami Art Central.
942 ## - ADDED ENTRY ELEMENTS (KOHA)
Koha item type សៀវភៅភាសាអង់គ្លេស
952 ## - LOCATION AND ITEM INFORMATION (KOHA)
Withdrawn status [LOCAL, KOHA] 0
Holdings
Permanent Location Date acquired Koha item type Lost status Shelving location Barcode Current Location Full call number
Library Block A2017-11-10សៀវភៅភាសាអង់គ្លេស A073A07619Library Block A338 MIA 2003 A073 Or.
មជ្ឈមណ្ឌលឯការនៃសាកលវិទ្យាល័យភូមិន្ទកសិកម្មចំការដូង

Powered by Koha